000
00206nam a2200085Ia 4500
008
120527s9999 xx 000 0 und d
100
_a
CHIQUITO, Burgy
245
_a
Caminos with action the manual
942
_c
BK
999
_c
25435
_d
25435